[Event "Titled Tuesday intern op 16th Apr Early"]
[Site "Chess.com INT"]
[Date "2024.04.16"]
[Round "5"]
[White "Andreikin, Dmitry"]
[Black "Quesada Perez, Yuniesky"]
[Result "1-0"]
[WhiteElo "2729"]
[BlackElo "2591"]
[PlyCount "57"]
[EventDate "2024.04.16"]
[EventType "swiss (blitz)"]
[EventRounds "11"]
[EventCountry "USA"]
[SourceTitle "CBM 219 Extra"]
[Source "ChessBase"]
[SourceDate "2024.05.31"]
[SourceVersion "1"]
[SourceVersionDate "2024.05.31"]
[SourceQuality "1"]

1. c4 e6 2. Nf3 d5 3. d4 Nf6 4. Bg5 dxc4 5. e4 Bb4+ 6. Nc3 b5 7. e5 h6 8. exf6 hxg5 9. fxg7 Rg8 10. h4 Rxg7 11. hxg5 Nd7 12. Rh8+ Nf8 13. a4 c6 14. Be2 Bb7 15. Kf1 Qb6 16. Kg1 0-0-0 17. Qc1 Ng6 18. Rxd8+ Kxd8 19. Ne4 Rh7 20. Qe3 Kc7 21. a5 Qa6 22. Nc5 Bxc5 23. dxc5 Kb8 24. Ne5 Bc8 25. Bf3 Nxe5 26. Qxe5+ Kb7 27. Rd1 Qxa5 28. Qe4 Qc7 29. Qxh7 1-0

[Event "Titled Tuesday intern op 16th Apr Early"]
[Site "Chess.com INT"]
[Date "2024.04.16"]
[Round "10"]
[White "Quesada Perez, Yuniesky"]
[Black "Sarana, Alexey"]
[Result "1-0"]
[WhiteElo "2591"]
[BlackElo "2703"]
[PlyCount "101"]
[EventDate "2024.04.16"]
[EventType "swiss (blitz)"]
[EventRounds "11"]
[EventCountry "USA"]
[SourceTitle "CBM 219 Extra"]
[Source "ChessBase"]
[SourceDate "2024.05.31"]
[SourceVersion "1"]
[SourceVersionDate "2024.05.31"]
[SourceQuality "1"]

1. e4 c5 2. Nf3 d6 3. d4 cxd4 4. Nxd4 Nf6 5. Nc3 a6 6. Be3 e5 7. Nb3 Be6 8. f3 Nbd7 9. Qd2 Be7 10. g4 b5 11. 0-0-0 b4 12. Nd5 Bxd5 13. exd5 Nb6 14. Bxb6 Qxb6 15. Kb1 a5 16. Nc1 0-0 17. h4 a4 18. h5 a3 19. b3 h6 20. Bc4 Nd7 21. Nd3 Rab8 22. Nf2 Bg5 23. Qe2 Nc5 24. Ne4 Nxe4 25. Qxe4 Rfc8 26. Rhe1 Rc7 27. Re2 Rbc8 28. Bd3 Kf8 29. Rf1 Bf4 30. Rfe1 Rc3 31. Rd1 Qc5 32. Bc4 Kg8 33. Rde1 Kf8 34. Rd1 Kg8 35. Rde1 Qc7 36. Rd1 Kf8 37. Rde1 Qa7 38. Bd3 Qc5 39. Bc4 Kg8 40. Rd1 Qc7 41. Rde1 Qd8 42. Bd3 Rb8 43. Qh7+ Kf8 44. Re4 Bg3 45. Rg1 Bf2 46. Rf1 Ba7 47. f4 Rxd3 48. cxd3 Qf6 49. Rc4 e4 50. Qh8+ Ke7 51. Rc7# 1-0

[Event "Titled Tuesday intern op 09th Apr Early"]
[Site "Chess.com INT"]
[Date "2024.04.09"]
[Round "6"]
[White "Andreikin, Dmitry"]
[Black "Quesada Perez, Yuniesky"]
[Result "1-0"]
[WhiteElo "2729"]
[BlackElo "2591"]
[PlyCount "71"]
[EventDate "2024.04.09"]
[EventType "swiss (blitz)"]
[EventRounds "11"]
[EventCountry "USA"]
[SourceTitle "EXT 2025"]
[Source "ChessBase"]
[SourceDate "2024.10.14"]
[SourceVersion "1"]
[SourceVersionDate "2024.10.14"]
[SourceQuality "1"]

1. c4 c6 2. Nf3 d5 3. cxd5 cxd5 4. d4 Nc6 5. Nc3 Nf6 6. Bf4 a6 7. Ne5 Bd7 8. e3 e6 9. Bd3 Be7 10. 0-0 0-0 11. Qf3 Rc8 12. Qh3 Be8 13. Ng4 Ne4 14. f3 f5 15. fxe4 dxe4 16. Nxe4 Bg6 17. Ne5 Nxe5 18. Bxe5 fxe4 19. Qxe6+ Kh8 20. Bc4 Bg5 21. Rxf8+ Qxf8 22. Rf1 Bxe3+ 23. Kh1 Qe8 24. Qf6 Bh6 25. Qh4 Bd2 26. Qf6 Bh6 27. Qh4 Bd2 28. Be2 Kg8 29. Qg4 Rc1 30. Rxc1 Bxc1 31. h4 h5 32. Qg3 Qf7 33. d5 Bd2 34. d6 Ba5 35. d7 Bf5 36. Bc4 1-0

[Event "Titled Tuesday intern op 09th Apr Early"]
[Site "Chess.com INT"]
[Date "2024.04.09"]
[Round "8"]
[White "Parondo, Rolly"]
[Black "Quesada Perez, Yuniesky"]
[Result "0-1"]
[WhiteElo "2193"]
[BlackElo "2591"]
[PlyCount "72"]
[EventDate "2024.04.09"]
[EventType "swiss (blitz)"]
[EventRounds "11"]
[EventCountry "USA"]
[SourceTitle "EXT 2025"]
[Source "ChessBase"]
[SourceDate "2024.10.14"]
[SourceVersion "1"]
[SourceVersionDate "2024.10.14"]
[SourceQuality "1"]

1. d4 Nf6 2. Bf4 e6 3. e3 c5 4. c3 b6 5. Nd2 Be7 6. Ngf3 cxd4 7. exd4 Bb7 8. Bd3 d6 9. 0-0 Nbd7 10. h3 0-0 11. Bh2 a6 12. Re1 Re8 13. Ng5 Bf8 14. Nge4 Qc7 15. Qe2 e5 16. Nxf6+ Nxf6 17. dxe5 dxe5 18. Ne4 Nd5 19. Rad1 Nf4 20. Bxf4 exf4 21. Qh5 Bxe4 22. Bxe4 g6 23. Qf3 Rad8 24. Bd5 Kg7 25. c4 a5 26. b3 Bc5 27. Re4 Rxe4 28. Qxe4 Qd6 29. Rd3 Rd7 30. Rd1 Re7 31. Qf3 Qf6 32. Kh2 h5 33. Rd2 Re1 34. Re2 Rf1 35. g3 fxg3+ 36. Kxg3 Qg5+ 0-1